|
|
|
|
| LEADER |
00820nam a22002172a 4500 |
| 001 |
001699421 |
| 003 |
CZ BrMZK |
| 005 |
20240105105654.0 |
| 007 |
ta |
| 008 |
190805s1950 it er|||||||||||ita d |
| 040 |
|
|
|a BOA001
|b cze
|e aacr2
|
| 100 |
1 |
|
|a Polli, Silvio,
|d 1904-1990
|7 mzk20241212267
|4 aut
|
| 245 |
1 |
3 |
|a Il ciclo climatico di 8 anni e sua realta fisica /
|c Silvio Polli
|
| 260 |
|
|
|a Trieste :
|b Smolars,
|c 1950
|
| 300 |
|
|
|a S. 63-76
|
| 490 |
1 |
|
|a Pubblicazioni delle Facoltà di scienze e d'ingegneria dell'Università di Trieste. Serie B ;
|v 63
|
| 830 |
|
0 |
|a Pubblicazioni delle Facoltà di scienze e d'ingegneria dell'Università di Trieste.
|n Serie B
|
| 910 |
|
|
|a BOA001
|b X-0281.604
|
| 990 |
|
|
|a BK
|
| 991 |
|
|
|b 201908
|
| 996 |
7 |
|
|b 2618817731
|c X-0281.604
|l MZK
|r Sklad / do 24 hodin
|n 0
|w 001746234
|u 000010
|a 1
|e BOA001
|j MZK50
|s A
|